| 000 | 00703nas a2200229 i 4500 | ||
|---|---|---|---|
| 001 | 177272 | ||
| 003 | ES-MaACL | ||
| 005 | 20250217134858.0 | ||
| 008 | 110311d18901910sp a| p r | ||pa d | ||
| 022 | _a9918-0898 | ||
| 080 | _a351.85(460)(094.5) | ||
| 245 | 0 | 0 | _aAnuario legislativo de instrucción pública. |
| 260 |
_aMadrid : _bInspección General de Enseñanza, _c1890-1910 ( _fEstab. Tip. de Ricardo Fé) |
||
| 300 |
_a13 v. ; _c25 cm. |
||
| 310 | _aAnual | ||
| 362 | 0 | _a1889-1909. | |
| 650 | 0 | 4 |
_aEnseñanza- _xLegislación- _zEspaña. _912292 |
| 785 | 0 | 0 | _tColección legislativa de instrucción pública |
| 852 |
_aES-MaACL _jHem-27 |
||
| 866 | 0 | _o1889-1909 | |
| 999 |
_c177272 _d177272 |
||